01039nam a2200253 a 450000100100000000500170001000800410002702000150006804000250008308200170010810000320012524501580015726000720031530000280038750000400041550000420045565000260049765000460052370000370056970000320060604900090063895201210064799900170076800002418520200930022805.0110120s1977 ag a r 000 0 spa d a031113825X aDO-SdBNPbspacBNPHU a269.2bG816u1 aGreenway, Rogelio S.94966610aUna estrategia urbana para evangelizar a América Latina /cRogelio S. Greenway ; traducción español de Guillermo Krätzig ; prólogo, Calvin Guy. aBuenos Aires, (Argentina) :bCasa Bautista de Publicaciones,c1977. a303 p. :bil. ;c22 cm. aIncluye referencias bibliográfica aIncluye notas al pie de las páginas 4aEvangelización9476 4aEvangelizaciónzAmérica Latina9496671 aKrätzig, Guillermoetr.9496681 aGuy, Calvinepról.949669 aBNGR 001054708MOaGRbGRcCTd2011-01-20iLF1l0o269.2 G816up24185-10r2020-06-25w2020-06-25y4ZPréstamo en sala c23679d23679